000 00353nam a22001217a 4500
003 OSt
008 150215b xxu||||| |||| 00| 0 eng d
100 1 _aBoggs
041 _aeng
245 1 0 _aTen Decades Ago 1840-1850 A Study of the Work of Rawdon, Wright, Hatch and Edson of New York City
260 _bThe American Philatelic Society, Inc
300 _a0 pages
999 _c701
_d701